| 000 | 02142nam a22003497a 4500 | ||
|---|---|---|---|
| 005 | 20260205150922.0 | ||
| 008 | 260205b |||||||| |||| 00| 0 eng d | ||
| 020 | _a9780061236198 | ||
| 040 |
_aKABLIB _cKABLIB _erda |
||
| 082 |
_223 _a322.42 _bPOL |
||
| 100 | 1 |
_aPolk, William R. _q(William Roe), _d1929- _915429 |
|
| 245 | 1 | 0 |
_aViolent politics : _ba history of insurgency, terrorism & guerrilla war, from the American Revolution to Iraq / _cWilliam R. Polk. |
| 250 | _aUpdated and expanded., 1st Harper Perennial ed. | ||
| 260 |
_aNew York : _bHarper, _cc2007. |
||
| 300 |
_axxvi, 277 p. ; _c21 cm. |
||
| 336 |
_atext _btxt _2rdacontent |
||
| 337 |
_aunmediated _bn _2rdamedia |
||
| 338 |
_avolume _bnc _2rdacarrier |
||
| 500 | _aPrevious edition: New York : HarperCollins, 2007. | ||
| 504 | _aIncludes bibliographical references (p. [229]-266) and index. | ||
| 505 | 0 | 0 |
_gThe _tAmerican insurgency -- _gThe _tSpanish guerrilla against the French -- _gThe _tPhilippine 'insurrection' -- _gThe _tIrish struggle for independence -- _tTito and the Yugoslav partisans -- _gThe _tGreek resistance -- _tKenya and the Mau Mau -- _gThe _tAlgerian war of national independence -- _gThe _tVietnamese struggle against the French -- _tAmerica takes over from France in Vietnam -- _gThe _tAfghan resistance to the British and the Russians. |
| 520 | _aAn examination of the role of insurgent tactics in world conflicts throughout the past two-and-a-half centuries places current issues in a context of world history while covering events that marked such examples as the war in Iraq. | ||
| 650 | 0 |
_aInsurgency _xHistory. _915430 |
|
| 650 | 0 |
_aTerrorism _xHistory. _915431 |
|
| 650 | 0 |
_aGuerrilla warfare _xHistory. _915432 |
|
| 856 | 4 | 2 |
_3Contributor biographical information _uhttp://www.loc.gov/catdir/enhancements/fy0911/2008271906-b.html |
| 856 | 4 | 2 |
_3Publisher description _uhttp://www.loc.gov/catdir/enhancements/fy0911/2008271906-d.html |
| 906 |
_a7 _bcbc _ccopycat _d2 _encip _f20 _gy-gencatlg |
||
| 942 |
_2ddc _cBOOK |
||
| 999 |
_c6079 _d6079 |
||